000 00602nam a2200205Ia 4500
003 OSt
005 20250426124427.0
008 220927b |||||||| |||| 00| 0 eng d
020 _a9781785042119
040 _aSDCL
_cSDCL
_beng
041 _2eng
_aeng
084 _aX:66 Q8 LR
100 _aJohnson, Spencer
_9753063
245 0 _aOut of the maze :
_b A simple way to change your thinking & unlock success
260 _aLondon :
_bVermilion,
_c2018.
300 _ax,84p.
650 _aReference
942 _cGB
_2CC
_n0
999 _c758456
_d758456